000 00850nam a2200265Ia 4500
003 OSt
005 20221005083726.0
006 a|||||r|||| 00| 0
007 ta
008 221004b |||||||| |||| 00| 0 eng d
020 _a9788130926926 (hbk)
_cINR 1395.00
024 _a38185
037 _b3081, 06/03/2018, Success Book Service
_cTextual
040 _aCRL
_cCRL
_beng
041 _2eng
_aeng
082 _aO111:g(Q7), Q6
100 _aKidwai Abdur Raheem Au.
_940751
245 0 _aOrienatilsm in english literature
_b perception of islam and muslims
260 _aNew Delhi
_bViva Books India
_c2016
300 _axxi,282p.
_ccm.
650 _a ISLAM
650 _aENGLISH LITERATURE
942 _hO111:g(Q7), Q6
_cTEXL
_2cc
999 _c991451
_d991451